| 000 | 00774nam a22002057a 4500 | ||
|---|---|---|---|
| 005 | 20100806143550.0 | ||
| 010 | _aENG-98637 | ||
| 020 |
_a8185835594 _c450.00 |
||
| 035 | _aEN-82169 | ||
| 037 | _bDBAD/PUB | ||
| 082 | _a954.12 | ||
| 100 |
_aDuggal, Bindu _97813 |
||
| 245 |
_aChandigarh slums : _bissues of poverty and human rights / |
||
| 260 |
_aChandigarh _bCentre for Research in Rural and Industrial Development _c2010 |
||
| 270 |
_a2-A, Sector 19-A, Madhya Marf _bChandigarh _e160019 |
||
| 300 |
_axv,279p. _c24cm (Hb) |
||
| 500 | _aIncludes bibliographical references | ||
| 942 |
_2ddc _cEN _h954.12 _mDUG |
||
| 999 |
_c39803 _d39803 |
||